| 000 | 00583nam a2200181 a 4500 | ||
|---|---|---|---|
| 005 | 20140310183314.0 | ||
| 008 | 051011s19uu xx 00 eng d | ||
| 020 | _a817929059X | ||
| 050 |
_aHF 5415.126 _b.K99 2003 |
||
| 100 | _aKyambalesa, Henry | ||
| 245 |
_aSuccessful marketing in the 21st centruy : _bthe imperatives, concepts and challenges / _cHenry Kyambalesa. |
||
| 260 |
_aNew Delhi, India : _bInfinity Books, _c2003. |
||
| 300 |
_axv, 320 p. ; _bill. ; _c24 cm |
||
| 521 | _aBSBA | ||
| 650 |
_aMarketing _xTenty-first century. |
||
| 942 |
_cBK _2lcc _kFOR |
||
| 999 |
_c21245 _d21245 |
||